Основной инстинкт цивилизаций и геополитические вызовы России

Bibliografiska uppgifter
Huvudupphovsman: Киселев С. Г. Сергей Георгиевич
Språk:ryska
Publicerad: Москва, Известия, 2002
Serie:Геополитический ракурс
Ämnen:
Materialtyp: Bok
KOHA link:https://koha.lib.tpu.ru/cgi-bin/koha/opac-detail.pl?biblionumber=52121

MARC

LEADER 00000nam0a2200000 4500
001 52121
005 20231031041240.0
010 |a 5206006157 
035 |a (RuTPU)RU\TPU\book\54597 
090 |a 52121 
100 |a 20030522d2002 k y0rusy50 ca 
101 0 |a rus 
102 |a RU 
105 |a a z 001zd 
200 1 |a Основной инстинкт цивилизаций и геополитические вызовы России  |f С. Г. Киселев 
210 |a Москва  |c Известия  |d 2002 
215 |a 368 с.  |c ил. 
225 1 |a Геополитический ракурс 
320 |a Имен. указ.: с. 363-366. 
600 1 |a Соловьев  |b В. С.  |c русский религиозный философ, поэт, публицист, мистик  |f 1853-1900  |g Владимир Сергеевич  |2 stltpui  |3 (RuTPU)RU\TPU\pers\402 
600 1 |a Бердяев  |b Н. А.  |c религиозный философ  |f 1874-1948  |g Николай Александрович  |2 stltpui  |3 (RuTPU)RU\TPU\pers\1153 
600 1 |a Шпенглер  |g Освальд  |c немецкий философ, историк, представитель философии жизни  |f 1880-1936  |b О.  |2 stltpui  |3 (RuTPU)RU\TPU\pers\361 
600 1 |a Тойнби  |g Арнолд Джозеф  |b А. Д.  |c английский историк и социолог  |f 1889-1975  |2 stltpui  |3 (RuTPU)RU\TPU\pers\1597 
600 1 |a Хантингтон  |b С. Ф.  |c американский политолог  |g Самуэль Филиппс  |f 1927-  |2 stltpush  |3 (RuTPU)RU\TPU\pers\8462 
600 1 |a Данилевский  |g Николай Яковлевич  |f 1822-1885  |c русский публицист и социолог  |c неославянофил  |b Н. Я.  |2 stltpui  |3 (RuTPU)RU\TPU\pers\907 
610 1 |a политика 
610 1 |a геополитика 
610 1 |a цивилизация 
610 1 |a экспансия 
610 1 |a международные отношения 
610 1 |a теория 
610 1 |a история 
610 1 |a философия 
610 1 |a войны 
610 1 |a соперничество 
610 1 |a Восточные цивилизации 
610 1 |a Заподноевропейская цивилизация 
610 1 |a Исламская цивилизация 
610 1 |a Россия 
610 1 |a цивилизация 
686 |a Ф4(2)3  |v LBC/SL-A  |2 rubbk 
700 1 |a Киселев  |b С. Г.  |g Сергей Георгиевич 
801 1 |a RU  |b 63413507  |c 20030522  |g PSBO 
801 2 |a RU  |b 63413507  |c 20140321  |g PSBO 
900 |a Современные международные отношения 
942 |c BK